[Event "TUR-chT 2nd League"]
[Site "Denizli"]
[Date "2023.07.14"]
[Round "8.85"]
[White "Karatiken, Beray"]
[Black "Esti, Kubra Selenay"]
[Result "1-0"]
[WhiteElo "1478"]
[BlackElo "1676"]
[PlyCount "131"]
[EventDate "2023.07.09"]
[EventType "team-swiss"]
[EventRounds "9"]
[EventCountry "TUR"]
[SourceTitle "CBM 215 Extra"]
[Source "ChessBase"]
[SourceDate "2023.09.30"]
[SourceVersion "1"]
[SourceVersionDate "2023.09.30"]
[SourceQuality "1"]
[WhiteTeam "Bitlis Ihtisas Egitim"]
[BlackTeam "Manisa Turkuaz"]
[WhiteTeamCountry "TUR"]
[BlackTeamCountry "TUR"]

1. d4 g6 2. e4 Bg7 3. Nc3 d6 4. Be3 a6 5. Qd2 Nd7 6. h4 Ngf6 7. Bh6 Bxh6 8. Qxh6 c5 9. 0-0-0 cxd4 10. Rxd4 Qb6 11. Rd2 Qa5 12. Kb1 Ne5 13. f3 Be6 14. Nh3 0-0-0 15. Qe3 Kb8 16. Nf4 Bc4 17. Nd3 Nc6 18. Nc1 d5 19. Bxc4 dxc4 20. Rhd1 Rxd2 21. Rxd2 Rd8 22. Rxd8+ Qxd8 23. Qc5 Qd4 24. Qxd4 Nxd4 25. N1e2 Nxe2 26. Nxe2 Kc7 27. Kc1 Kd6 28. Kd2 Kc5 29. Kc3 e5 30. b4+ cxb3 31. cxb3 Ne8 32. Nc1 Nc7 33. Nd3+ Kd6 34. Nb2 Nb5+ 35. Kd3 f6 36. Nc4+ Kc5 37. a3 Nd4 38. b4+ Kc6 39. f4 Ne6 40. fxe5 fxe5 41. Nxe5+ Kb5 42. Kc3 Ka4 43. Kb2 Nf4 44. g3 Ne2 45. Nd7 Nxg3 46. e5 Nf5 47. e6 Kb5 48. Nf8 Ne7 49. Nxh7 Kc6 50. Nf8 Kd6 51. Kc3 Nd5+ 52. Kd4 Nf4 53. Ke4 Nxe6 54. Nxg6 Ng7 55. Nf4 Kc6 56. a4 a5 57. b5+ Kc5 58. h5 Nxh5 59. Nxh5 Kb4 60. Kd5 Kxa4 61. Kc5 Kb3 62. Nf4 a4 63. Nd3 a3 64. b6 Kc3 65. Nc1 Kc2 66. Kb4 1-0

[Event "TUR-chT 2nd League"]
[Site "Denizli"]
[Date "2023.07.10"]
[Round "2.65"]
[White "Guney, Gamze Nur"]
[Black "Esti, Kubra Selenay"]
[Result "0-1"]
[WhiteElo "1729"]
[BlackElo "1676"]
[PlyCount "43"]
[EventDate "2023.07.09"]
[EventType "team-swiss"]
[EventRounds "9"]
[EventCountry "TUR"]
[SourceTitle "CBM 215 Extra"]
[Source "ChessBase"]
[SourceDate "2023.09.30"]
[SourceVersion "1"]
[SourceVersionDate "2023.09.30"]
[SourceQuality "1"]
[WhiteTeam "Ortaca Belediye"]
[BlackTeam "Manisa Turkuaz"]
[WhiteTeamCountry "TUR"]
[BlackTeamCountry "TUR"]

1. e4 g6 2. d4 Bg7 3. Nc3 c6 4. f4 d6 5. Nf3 Bg4 6. Be3 Qb6 7. Na4 Qa5+ 8. c3 b5 9. b4 Qxa4 10. Qd2 Nd7 11. Bd3 Nb6 12. Qe2 Nc4 13. Bxc4 bxc4 14. Qxc4 Qb5 15. Qb3 Qd3 16. Kf2 Nf6 17. Rhe1 Nxe4+ 18. Kg1 Bxf3 19. gxf3 Nf6 20. Rad1 Qf5 21. Qa4 Qd5 22. Kf2 0-1

[Event "World School-ch U17 Girls"]
[Site "Antalya"]
[Date "2019.04.24"]
[Round "7"]
[White "Ahmadova, Raya"]
[Black "Esti, Kubra Selenay"]
[Result "1/2-1/2"]
[WhiteElo "1468"]
[BlackElo "1718"]
[PlyCount "89"]
[EventDate "2019.04.18"]
[EventType "swiss"]
[EventRounds "9"]
[EventCountry "TUR"]
[SourceTitle "CBM 190 Extra"]
[Source "ChessBase"]
[SourceDate "2019.07.15"]
[SourceVersion "1"]
[SourceVersionDate "2019.07.15"]
[SourceQuality "1"]

1. e4 g6 2. d4 Bg7 3. c4 d6 4. Nf3 Nc6 5. Be2 e5 6. d5 Nce7 7. Be3 Nf6 8. Nc3 Ng4 9. Bg5 f6 10. Bd2 Nh6 11. 0-0 Nf7 12. Rc1 0-0 13. b4 f5 14. exf5 gxf5 15. Ng5 Ng6 16. Ne6 Bxe6 17. dxe6 Nh6 18. Bh5 c6 19. b5 Qe7 20. bxc6 bxc6 21. Qf3 Rac8 22. Be3 Qxe6 23. Bxa7 e4 24. Qg3 f4 25. Qh3 Qe5 26. Rfd1 Nf5 27. Nxe4 Qxe4 28. Re1 Ne3 29. fxe3 Qe7 30. Bd4 Qg5 31. Qg4 Qh6 32. Bxg7 Kxg7 33. exf4 Qxf4 34. Qxf4 Nxf4 35. Be2 Rfe8 36. Bf1 Ra8 37. Rxe8 Rxe8 38. g3 Ne2+ 39. Bxe2 Rxe2 40. c5 dxc5 41. Rxc5 Rxa2 42. Rxc6 Rb2 43. Rc4 Kg6 44. Rf4 Ra2 45. Rf2 1/2-1/2

[Event "World School-ch U17 Girls"]
[Site "Antalya"]
[Date "2019.04.21"]
[Round "4"]
[White "Akti, Ezgi"]
[Black "Esti, Kubra Selenay"]
[Result "1-0"]
[WhiteElo "1752"]
[BlackElo "1718"]
[PlyCount "65"]
[EventDate "2019.04.18"]
[EventType "swiss"]
[EventRounds "9"]
[EventCountry "TUR"]
[SourceTitle "CBM 190 Extra"]
[Source "ChessBase"]
[SourceDate "2019.07.15"]
[SourceVersion "1"]
[SourceVersionDate "2019.07.15"]
[SourceQuality "1"]

1. d4 g6 2. e4 Bg7 3. c4 d6 4. Nc3 Nc6 5. Be3 e5 6. d5 Nce7 7. Bd3 a6 8. f3 f5 9. Nge2 Nf6 10. Qd2 0-0 11. 0-0-0 Bd7 12. exf5 Bxf5 13. g4 Bxd3 14. Qxd3 Nd7 15. f4 Nf6 16. Rhg1 Qd7 17. fxe5 dxe5 18. h3 Rae8 19. Ng3 Nc8 20. g5 e4 21. Qd2 Nh5 22. Nxh5 gxh5 23. g6 h6 24. Bxh6 Rf3 25. Bxg7 Qxg7 26. Qe2 Qh6+ 27. Kb1 Re3 28. Qd2 Nd6 29. c5 Nc4 30. Qd4 Ne5 31. d6 c6 32. d7 Nxd7 33. Qxd7 1-0

[Event "TUR Cup"]
[Site "Antalya"]
[Date "2019.02.03"]
[Round "11"]
[White "Esti, Kubra Selenay"]
[Black "Hanci, Ilker"]
[Result "1-0"]
[WhiteElo "1662"]
[BlackElo "1615"]
[PlyCount "113"]
[EventDate "2019.01.27"]
[EventType "swiss"]
[EventRounds "11"]
[EventCountry "TUR"]
[SourceTitle "CBM 188 Extra"]
[Source "ChessBase"]
[SourceDate "2019.02.26"]
[SourceVersion "1"]
[SourceVersionDate "2019.02.26"]
[SourceQuality "1"]

1. d4 Nf6 2. Bf4 c5 3. e3 Qb6 4. b3 Nc6 5. Nf3 Qa5+ 6. Qd2 Qxd2+ 7. Nbxd2 Nb4 8. Bd3 Nxd3+ 9. cxd3 cxd4 10. Nxd4 d6 11. Nb5 Nd5 12. Bg3 a6 13. Na3 Nb4 14. Ke2 b5 15. Rhc1 Bb7 16. f3 Kd8 17. Nc2 Nc6 18. Ne4 h6 19. d4 g6 20. Ne1 Bg7 21. Nd3 f5 22. Nc3 g5 23. d5 Ne5 24. Nxe5 dxe5 25. e4 Kd7 26. Bf2 Rac8 27. b4 Rhf8 28. Bc5 h5 29. a4 bxa4 30. Nxa4 Ke8 31. Nb6 Rc7 32. Rc4 Rf6 33. Rac1 a5 34. b5 g4 35. Na4 gxf3+ 36. gxf3 fxe4 37. fxe4 Rf4 38. R1c3 Rh4 39. h3 Bf6 40. Nb2 Bc8 41. b6 Rd7 42. Bf2 Ba6 43. Bxh4 Bxh4 44. Kf3 Bxc4 45. Nxc4 Be1 46. Rc1 Bb4 47. Nxe5 Rd8 48. b7 Bd6 49. Nc6 Rd7 50. b8Q+ Bxb8 51. Nxb8 Rb7 52. Nc6 e6 53. d6 Rb3+ 54. Kf4 Rxh3 55. Ne5 Kd8 56. d7 Ke7 57. Rc8 1-0

[Event "TUR Cup"]
[Site "Antalya"]
[Date "2019.01.28"]
[Round "3"]
[White "Baylav, Can"]
[Black "Esti, Kubra Selenay"]
[Result "1-0"]
[WhiteElo "2108"]
[BlackElo "1662"]
[PlyCount "73"]
[EventDate "2019.01.27"]
[EventType "swiss"]
[EventRounds "11"]
[EventCountry "TUR"]
[SourceTitle "CBM 188 Extra"]
[Source "ChessBase"]
[SourceDate "2019.02.26"]
[SourceVersion "1"]
[SourceVersionDate "2019.02.26"]
[SourceQuality "1"]

1. e4 g6 2. d4 Bg7 3. Nc3 c6 4. f4 d5 5. e5 Nh6 6. Nf3 0-0 7. Bd3 f6 8. 0-0 Nf7 9. exf6 exf6 10. f5 g5 11. Ne2 Nd6 12. Ng3 Nd7 13. h4 h6 14. Nh2 Qe8 15. b3 b6 16. c4 Rf7 17. cxd5 cxd5 18. hxg5 hxg5 19. Qf3 Bb7 20. Ba3 Bf8 21. Ng4 Ne4 22. Bxf8 Qxf8 23. Nxe4 dxe4 24. Bxe4 Bxe4 25. Qxe4 Rh7 26. Qd5+ Kh8 27. Kf2 Rd8 28. Qf3 Qd6 29. Rad1 Nf8 30. Rfe1 Kg8 31. Rd2 Rh4 32. g3 Rh7 33. Rc1 Nd7 34. Rc6 Qb4 35. Qd5+ Kh8 36. Re2 Qf8 37. Rd6 1-0

[Event "TUR Cup"]
[Site "Antalya"]
[Date "2019.01.27"]
[Round "1"]
[White "Sevgi, Volkan"]
[Black "Esti, Kubra Selenay"]
[Result "1-0"]
[WhiteElo "2292"]
[BlackElo "1662"]
[PlyCount "79"]
[EventDate "2019.01.27"]
[EventType "swiss"]
[EventRounds "11"]
[EventCountry "TUR"]
[SourceTitle "CBM 188 Extra"]
[Source "ChessBase"]
[SourceDate "2019.02.26"]
[SourceVersion "1"]
[SourceVersionDate "2019.02.26"]
[SourceQuality "1"]

1. e4 g6 2. Nc3 Bg7 3. g3 d6 4. Bg2 c6 5. Nge2 e5 6. 0-0 Ne7 7. d4 Qc7 8. Be3 0-0 9. Qd2 Nd7 10. Bh6 b5 11. Bxg7 Kxg7 12. Nd1 Bb7 13. Ne3 c5 14. dxe5 dxe5 15. Nc3 a6 16. a4 b4 17. Ncd5 Nxd5 18. exd5 Nf6 19. f4 Rad8 20. Rad1 e4 21. c4 Qd6 22. g4 Rde8 23. Bh3 Bc8 24. Qg2 Kg8 25. Kh1 a5 26. Rde1 Bd7 27. b3 h5 28. f5 h4 29. g5 Nh5 30. Qf2 Bc8 31. Qxh4 Qe5 32. Bg4 Qh8 33. Bxh5 Qxh5 34. Qxh5 gxh5 35. d6 Bb7 36. Rd1 Rd8 37. d7 f6 38. g6 Bc6 39. Rd6 Bb7 40. Rfd1 1-0

[Event "Wch U20 Girls 36th"]
[Site "Manavgat"]
[Date "2018.09.15"]
[Round "11"]
[White "Esti, Kubra Selenay"]
[Black "Anandpara, Jayendra Saloni"]
[Result "1-0"]
[WhiteElo "1662"]
[BlackElo "1326"]
[PlyCount "43"]
[EventDate "2018.09.05"]
[EventType "swiss"]
[EventRounds "11"]
[EventCountry "TUR"]
[SourceTitle "CBM 186 Extra"]
[Source "ChessBase"]
[SourceDate "2018.08.24"]
[SourceVersion "1"]
[SourceVersionDate "2018.08.24"]
[SourceQuality "1"]

1. d4 Nf6 2. Bf4 e6 3. e3 Be7 4. c3 c5 5. Nf3 b6 6. Bd3 Nh5 7. Bg3 Bb7 8. Nbd2 d6 9. a4 a6 10. Qe2 Nxg3 11. hxg3 h6 12. Nf1 d5 13. g4 c4 14. Bc2 Nc6 15. e4 0-0 16. Ng3 dxe4 17. Qxe4 f5 18. Qxe6+ Kh8 19. Nxf5 Bg5 20. Nxh6 Qe7 21. Nf7+ Kg8 22. Bh7# 1-0

[Event "Wch U20 Girls 36th"]
[Site "Manavgat"]
[Date "2018.09.14"]
[Round "10"]
[White "Esti, Kubra Selenay"]
[Black "Bail, Ellen Larissa"]
[Result "0-1"]
[WhiteElo "1662"]
[BlackElo "1832"]
[PlyCount "80"]
[EventDate "2018.09.05"]
[EventType "swiss"]
[EventRounds "11"]
[EventCountry "TUR"]
[SourceTitle "CBM 186 Extra"]
[Source "ChessBase"]
[SourceDate "2018.08.24"]
[SourceVersion "1"]
[SourceVersionDate "2018.08.24"]
[SourceQuality "1"]

1. d4 Nf6 2. Bf4 g6 3. e3 Bg7 4. Nf3 0-0 5. Be2 d6 6. h3 Nfd7 7. c4 e5 8. Bh2 Nc6 9. Nc3 f5 10. 0-0 e4 11. Nd2 Nf6 12. Qa4 Re8 13. Nb5 a6 14. Nc3 g5 15. b4 Ne7 16. Qd1 Ng6 17. Bh5 Nxh5 18. Qxh5 Nf8 19. a3 Re6 20. Qe2 Rh6 21. f3 exf3 22. Qxf3 c6 23. Ne2 Qe7 24. Rae1 Ng6 25. Bg3 Bd7 26. Nc1 Nh4 27. Qf2 Re8 28. Ncb3 b6 29. c5 bxc5 30. bxc5 d5 31. Bd6 Qf7 32. Nb1 Qh5 33. Bg3 Rf8 34. Bd6 Ra8 35. Bg3 Ng6 36. Qe2 g4 37. hxg4 fxg4 38. Qd3 Qh1+ 39. Kf2 Rf8+ 40. Ke2 Qxg2+ 0-1

[Event "Wch U20 Girls 36th"]
[Site "Manavgat"]
[Date "2018.09.08"]
[Round "5"]
[White "Koljevic, Nikolina"]
[Black "Esti, Kubra Selenay"]
[Result "1/2-1/2"]
[WhiteElo "1898"]
[BlackElo "1662"]
[PlyCount "60"]
[EventDate "2018.09.05"]
[EventType "swiss"]
[EventRounds "11"]
[EventCountry "TUR"]
[SourceTitle "CBM 186 Extra"]
[Source "ChessBase"]
[SourceDate "2018.08.24"]
[SourceVersion "1"]
[SourceVersionDate "2018.08.24"]
[SourceQuality "1"]

1. e4 g6 2. d4 Bg7 3. Nc3 c6 4. Be3 d6 5. f3 a6 6. Qd2 b5 7. a4 b4 8. Nd1 a5 9. g4 Ba6 10. Bxa6 Nxa6 11. h4 h5 12. g5 Qc7 13. Nh3 e6 14. Ndf2 Ne7 15. 0-0 0-0 16. Nh1 c5 17. c3 Rab8 18. Qd3 Qc6 19. f4 d5 20. e5 Nf5 21. Bf2 Rfc8 22. Ng3 Nxg3 23. Qxg3 c4 24. Be1 b3 25. Bd2 Nc7 26. f5 exf5 27. Nf4 Ne6 28. Nxe6 fxe6 29. Bf4 Bf8 30. Rfc1 Be7 1/2-1/2

[Event "TUR-chT 1st League"]
[Site "Konya"]
[Date "2018.07.20"]
[Round "7.11"]
[White "Sekerci, Berkin"]
[Black "Esti, Kubra Selenay"]
[Result "1-0"]
[WhiteElo "1718"]
[BlackElo "1659"]
[PlyCount "41"]
[EventDate "2018.07.16"]
[EventType "team-swiss"]
[EventRounds "9"]
[EventCountry "TUR"]
[SourceTitle "EXT 2019"]
[Source "ChessBase"]
[SourceDate "2018.10.10"]
[SourceVersion "1"]
[SourceVersionDate "2018.10.10"]
[SourceQuality "1"]
[WhiteTeam "Ego Spor"]
[BlackTeam "Karman Masterler"]
[WhiteTeamCountry "TUR"]
[BlackTeamCountry "TUR"]

1. e4 e5 2. Nf3 Nc6 3. d4 exd4 4. Bc4 Be7 5. Nxd4 Ne5 6. Bb3 d6 7. 0-0 Bd7 8. f4 Ng6 9. Nc3 c5 10. Nf5 Bxf5 11. exf5 Nh4 12. Qd5 Nh6 13. f6 Bxf6 14. f5 Bd4+ 15. Kh1 Nxg2 16. Bxh6 Qe7 17. Ba4+ Kf8 18. Bxg7+ Bxg7 19. Qxg2 Qh4 20. Qxb7 Rd8 21. Bb3 1-0

[Event "TUR-chT 1st League"]
[Site "Konya"]
[Date "2018.07.19"]
[Round "5.8"]
[White "Esti, Kubra Selenay"]
[Black "Keskin, Osman Orcun"]
[Result "1/2-1/2"]
[WhiteElo "1659"]
[BlackElo "1678"]
[PlyCount "89"]
[EventDate "2018.07.16"]
[EventType "team-swiss"]
[EventRounds "9"]
[EventCountry "TUR"]
[SourceTitle "EXT 2019"]
[Source "ChessBase"]
[SourceDate "2018.10.10"]
[SourceVersion "1"]
[SourceVersionDate "2018.10.10"]
[SourceQuality "1"]
[WhiteTeam "Karman Masterler"]
[BlackTeam "Burdurspor Dernegi"]
[WhiteTeamCountry "TUR"]
[BlackTeamCountry "TUR"]

1. d4 Nf6 2. Nf3 g6 3. Bf4 Bg7 4. e3 0-0 5. h3 d6 6. Be2 Nbd7 7. 0-0 Re8 8. c4 c5 9. Nc3 cxd4 10. exd4 b6 11. Rc1 Bb7 12. b4 a6 13. Re1 Rc8 14. d5 h6 15. Bh2 Nf8 16. Bf1 N6d7 17. Qd2 Qc7 18. Ne4 Ra8 19. c5 bxc5 20. bxc5 f5 21. cxd6 Qb6 22. Rb1 Qa7 23. Nc3 exd6 24. Bxd6 Bxc3 25. Qxc3 Bxd5 26. Bc4 Bxc4 27. Qxc4+ Kg7 28. Qd5 Nf6 29. Rb7+ N8d7 30. Rxa7 Nxd5 31. Rxd7+ Kg8 32. Be5 Rad8 33. Rg7+ Kf8 34. Rxg6 Nb4 35. Rf6+ Kg8 36. Rxh6 Nd3 37. Re3 f4 38. Re4 Rc8 39. Rh8+ Kf7 40. Rxe8 Rxe8 41. Nd4 Nxe5 42. Rxf4+ Kg6 43. Re4 a5 44. Kf1 Kf6 45. f4 1/2-1/2

[Event "TUR-ch (Women)"]
[Site "Antalya"]
[Date "2018.03.09"]
[Round "7"]
[White "Esti, Kubra Selenay"]
[Black "Demirtas, Hafize"]
[Result "0-1"]
[WhiteElo "1665"]
[BlackElo "1802"]
[PlyCount "122"]
[EventDate "2018.03.05"]
[EventType "swiss"]
[EventRounds "9"]
[EventCountry "TUR"]
[SourceTitle "CBM 183 Extra"]
[Source "ChessBase"]
[SourceDate "2018.04.19"]
[SourceVersion "1"]
[SourceVersionDate "2018.04.19"]
[SourceQuality "1"]

1. e4 d6 2. d4 Nf6 3. Nc3 Nbd7 4. g4 e5 5. g5 Ng8 6. Bc4 c6 7. a4 exd4 8. Qxd4 Ne5 9. Be2 Ne7 10. f4 c5 11. Qf2 N5c6 12. Nf3 g6 13. 0-0 Bg7 14. Nd5 Nxd5 15. exd5 Ne7 16. Bc4 0-0 17. c3 Re8 18. Bd2 a6 19. Rfe1 b6 20. Rad1 Qd7 21. Bf1 Bb7 22. c4 Qxa4 23. Bc3 Bxc3 24. bxc3 Qd7 25. Nd2 Qg4+ 26. Bg2 Nf5 27. Rb1 Kf8 28. Ne4 b5 29. h3 Qh5 30. Nf6 Rxe1+ 31. Rxe1 Qh4 32. Qe2 Kg7 33. Ne8+ Kg8 34. Nf6+ Kg7 35. Ne8+ Kf8 36. Nf6 Kg7 37. Ne8+ Kh8 38. Nf6 Ng7 39. cxb5 axb5 40. Rb1 Qxf4 41. Qxb5 Ra2 42. Qf1 Qe3+ 43. Kh1 Nf5 44. Ne4 Bxd5 45. Re1 Qd2 46. Nxd2 Ng3+ 47. Kg1 Nxf1 48. Bxd5 Rxd2 49. Bxf7 Ng3 50. Bc4 d5 51. Re8+ Kg7 52. Rd8 Rd1+ 53. Kf2 Ne4+ 54. Ke3 Nxc3 55. Rd7+ Kf8 56. Bb3 d4+ 57. Kf2 Rd2+ 58. Ke1 Rb2 59. Bc4 Ne4 60. Rf7+ Ke8 61. Bd5 Nxg5 0-1

[Event "TUR-chT 2nd League"]
[Site "Konya"]
[Date "2017.07.23"]
[Round "9.15"]
[White "Selvi, Kaan"]
[Black "Esti, Kubra Selenay"]
[Result "1-0"]
[WhiteElo "1826"]
[BlackElo "1537"]
[PlyCount "83"]
[EventDate "2017.07.17"]
[EventType "team-swiss"]
[EventRounds "9"]
[EventCountry "TUR"]
[SourceTitle "EXT 2018"]
[Source "ChessBase"]
[SourceDate "2017.10.13"]
[SourceVersion "1"]
[SourceVersionDate "2017.10.13"]
[SourceQuality "1"]
[WhiteTeam "Ordu Gul Bahcesi"]
[BlackTeam "Antalya Deniz Genclik"]
[WhiteTeamCountry "TUR"]
[BlackTeamCountry "TUR"]

1. d4 g6 2. Nc3 Bg7 3. e4 c6 4. f4 d5 5. e5 h5 6. Nf3 Bg4 7. Be2 e6 8. Be3 Nh6 9. Qd2 Nd7 10. 0-0-0 b5 11. h3 Bxf3 12. Bxf3 Nf5 13. g4 Nxe3 14. Qxe3 h4 15. Kb1 Qe7 16. Rhg1 Nb6 17. Be2 Bh6 18. Qf2 0-0-0 19. g5 Bf8 20. Rg4 Qb4 21. Rxh4 Rxh4 22. Qxh4 Nc4 23. Bxc4 bxc4 24. Ne2 Rd7 25. c3 Qa4 26. Rd2 c5 27. Qh8 Rd8 28. Qh7 Qe8 29. h4 cxd4 30. Nxd4 Bc5 31. h5 Bxd4 32. cxd4 gxh5 33. Qxh5 Qh8 34. Qxf7 Qh1+ 35. Kc2 Qe4+ 36. Kc1 Qe1+ 37. Rd1 Qe3+ 38. Kb1 Qe4+ 39. Ka1 Qc2 40. Qxe6+ Rd7 41. Qc6+ Rc7 42. Qa8+ 1-0

[Event "TUR-ch (Women)"]
[Site "Aksu"]
[Date "2017.03.07"]
[Round "3"]
[White "Barlas, Berra Fatos"]
[Black "Esti, Kubra Selenay"]
[Result "1/2-1/2"]
[WhiteElo "1202"]
[BlackElo "1594"]
[PlyCount "80"]
[EventDate "2017.03.06"]
[EventType "swiss"]
[EventRounds "9"]
[EventCountry "TUR"]
[SourceTitle "CBM 177 Extra"]
[Source "ChessBase"]
[SourceDate "2017.04.27"]
[SourceVersion "1"]
[SourceVersionDate "2017.04.27"]
[SourceQuality "1"]

1. d4 g6 2. Nc3 Bg7 3. e4 d6 4. f4 c6 5. Nf3 Bg4 6. Be2 d5 7. e5 h5 8. Ng5 Bxe2 9. Qxe2 e6 10. h4 Nh6 11. Nd1 Nf5 12. Qf2 Qb6 13. c3 Bh6 14. Ne3 Na6 15. Nxf5 exf5 16. Qe2 Bxg5 17. hxg5 0-0-0 18. Qc2 Rde8 19. Qb3 Re6 20. Qxb6 axb6 21. g3 Nc7 22. a4 Kd7 23. b3 Ra8 24. 0-0 Ree8 25. Bb2 Ne6 26. Rfc1 Rh8 27. Kg2 h4 28. Rh1 hxg3 29. Kxg3 Ng7 30. Kf3 Rac8 31. Rad1 Ke6 32. Ke3 Nh5 33. Kf3 Ra8 34. Ra1 Ng7 35. Ke3 Rac8 36. Rad1 Nh5 37. Kf3 Rc7 38. Ba3 c5 39. c4 Rd8 40. cxd5+ Rxd5 1/2-1/2

[Event "TUR-ch (Women)"]
[Site "Aksu"]
[Date "2017.03.07"]
[Round "2"]
[White "Esti, Kubra Selenay"]
[Black "Sahin, Hayrun Nisa"]
[Result "0-1"]
[WhiteElo "1594"]
[BlackElo "1667"]
[PlyCount "60"]
[EventDate "2017.03.06"]
[EventType "swiss"]
[EventRounds "9"]
[EventCountry "TUR"]
[SourceTitle "CBM 177 Extra"]
[Source "ChessBase"]
[SourceDate "2017.04.27"]
[SourceVersion "1"]
[SourceVersionDate "2017.04.27"]
[SourceQuality "1"]

1. e4 c5 2. b3 Nc6 3. Bb2 d6 4. Bb5 Bd7 5. f4 Nf6 6. Nc3 a6 7. Be2 g6 8. Nd5 Bg7 9. Nxf6+ Bxf6 10. Bxf6 exf6 11. Nf3 Qe7 12. d3 f5 13. Qd2 0-0-0 14. exf5 Bxf5 15. 0-0-0 Nb4 16. Kb1 Nd5 17. Rde1 Qf6 18. d4 Nxf4 19. Bxa6 bxa6 20. Qa5 Kb7 21. dxc5 dxc5 22. Qxc5 Nd5 23. Ne5 Rhe8 24. Qd4 Qb6 25. Qc4 Qc7 26. Qxc7+ Nxc7 27. Nxf7 Rxe1+ 28. Rxe1 Rd2 29. Re7 Kb6 30. Ne5 Rxc2 0-1

[Event "TUR-chT2"]
[Site "Konya"]
[Date "2015.07.31"]
[Round "9.4"]
[White "Vatansever, Buse"]
[Black "Esti, Kubra Selenay"]
[Result "1-0"]
[WhiteElo "1726"]
[BlackElo "1566"]
[PlyCount "75"]
[EventDate "2015.07.25"]
[EventType "team-swiss"]
[EventRounds "9"]
[EventCountry "TUR"]
[SourceTitle "CBM 167 Extra"]
[Source "ChessBase"]
[SourceDate "2015.09.14"]
[SourceVersion "1"]
[SourceVersionDate "2015.09.14"]
[SourceQuality "1"]
[WhiteTeam "Istanbul Darussafaka"]
[BlackTeam "Antalya Deniz Genclik"]
[WhiteTeamCountry "TUR"]
[BlackTeamCountry "TUR"]

1. e4 c5 2. Nf3 Nc6 3. Bb5 g6 4. Bxc6 dxc6 5. d3 Bg7 6. Nc3 e5 7. Be3 Qe7 8. h3 h6 9. 0-0 f5 10. exf5 gxf5 11. Re1 Be6 12. Bd2 Bd5 13. Nxd5 cxd5 14. Nxe5 Bxe5 15. f4 Bd4+ 16. Kh1 0-0-0 17. Rxe7 Nxe7 18. Qe2 Rh7 19. Bc3 Bxc3 20. bxc3 Rd6 21. g4 Kd7 22. Re1 h5 23. gxf5 Nxf5 24. Qe8+ Kc7 25. Qf8 Ng3+ 26. Kh2 h4 27. Re7+ Rxe7 28. Qxe7+ Kc6 29. Qxh4 Nf1+ 30. Kg1 Ne3 31. Qg5 Nxc2 32. f5 Ne1 33. Qe3 Nc2 34. Qe5 d4 35. c4 Nb4 36. f6 Nxd3 37. Qe4+ Kc7 38. f7 1-0